Отчет об основных исследовательских работах, выполненных в 2012 г.

Dettagli Bibliografici
Enti autori: Научно-исследовательский институт атомных реакторов (НИИАР), Росатом
Riassunto:Отчёт содержит статьи о выполненных в 2012 году исследованиях и результатах работы по основным направлениям деятельности ОАО «ГНЦ НИИАР», таких как: исследовательские ядерные реакторы; исследования твэлов и реакторных материалов; МОКС-топливо для ядерных реакторов на быстрых нейтронах; исследования и разработки элементов топливного цикла ядерной энергетики; трансурановые элементы, радионуклидные препараты и источники излучений; радиационная и экологическая безопасность, обращение с отработавшим ядерным топливом и радиоактивными отходами; работы института по международным программам; редакционно-издательская деятельность. Отчёт предназначен для сотрудников научно-исследовательских организаций, конструкторских бюро, предприятий атомной промышленности и студентов соответствующих специальностей.
Lingua:russo
Pubblicazione: Димитровград, Изд-во ГНЦ НИИАР, 2013
Soggetti:
Natura: MixedMaterials Libro
KOHA link:https://koha.lib.tpu.ru/cgi-bin/koha/opac-detail.pl?biblionumber=253492

MARC

LEADER 00000nam0a2200000 4500
001 253492
005 20231101232841.0
010 |a 9785948311319 
035 |a (RuTPU)RU\TPU\book\275881 
090 |a 253492 
100 |a 20140313d2013 k y0rusy50 ca 
101 0 |a rus 
102 |a RU 
105 |a a z 001zy 
200 1 |a Отчет об основных исследовательских работах, выполненных в 2012 г.  |f Научно-исследовательский институт атомных реакторов (НИИАР) ; Росатом 
210 |a Димитровград  |c Изд-во ГНЦ НИИАР  |d 2013 
215 |a 176 с.  |c ил. 
320 |a Библиография в конце статей 
330 |a Отчёт содержит статьи о выполненных в 2012 году исследованиях и результатах работы по основным направлениям деятельности ОАО «ГНЦ НИИАР», таких как: исследовательские ядерные реакторы; исследования твэлов и реакторных материалов; МОКС-топливо для ядерных реакторов на быстрых нейтронах; исследования и разработки элементов топливного цикла ядерной энергетики; трансурановые элементы, радионуклидные препараты и источники излучений; радиационная и экологическая безопасность, обращение с отработавшим ядерным топливом и радиоактивными отходами; работы института по международным программам; редакционно-издательская деятельность. Отчёт предназначен для сотрудников научно-исследовательских организаций, конструкторских бюро, предприятий атомной промышленности и студентов соответствующих специальностей. 
606 1 |a Ядерные реакторы  |2 stltpush  |3 (RuTPU)RU\TPU\subj\21616  |9 46573 
610 1 |a исследовательские ядерные реакторы 
610 1 |a реакторные материалы 
610 1 |a ТВЭЛы 
610 1 |a МОКС-топливо 
610 1 |a ядерная энергетика 
610 1 |a топливный цикл 
610 1 |a элементы 
610 1 |a исследования 
610 1 |a разработка 
610 1 |a трансурановые элементы 
610 1 |a радионуклидные препараты 
610 1 |a источники излучений 
610 1 |a радиационная безопасность 
610 1 |a экологическая безопасность 
610 1 |a радиоактивные отходы 
610 1 |a отработавшее ядерное топливо 
610 1 |a хранилища 
610 1 |a отчеты 
675 |a 621.039.5  |v 3 
712 0 2 |a Научно-исследовательский институт атомных реакторов (НИИАР)  |c (Димитровград)  |2 stltpush  |3 (RuTPU)RU\TPU\col\386 
712 0 2 |a Росатом  |c Государственная корпорация по атомной энергии  |c (2008- )  |2 stltpush  |3 (RuTPU)RU\TPU\col\14349  |9 25907 
801 1 |a RU  |b 63413507  |c 20140313 
801 2 |a RU  |b 63413507  |c 20211111  |g RCR 
942 |c BK